| Tag |
First Indicator |
Second Indicator |
Subfields |
| LEADER |
00000cam a2200000 4500 |
| 001 |
in00000280621 |
| 005 |
20151010071140.0 |
| 008 |
730716s1929 mauaf 00010 eng d |
| 035 |
|
|
|a (OCoLC)00656079
|
| 035 |
|
|
|9 ABE6881AM
|
| 040 |
|
|
|c OUN
|d TXA
|d UtOrBLW
|
| 049 |
|
|
|a TXAM
|c [708415]
|
| 090 |
|
|
|a BF636
|b .M6 1929a
|
| 100 |
1 |
|
|a Moss, Fred August,
|d 1893-
|
| 245 |
1 |
0 |
|a Applications of psychology /
|c by Fred A. Moss.
|
| 264 |
|
1 |
|a Boston,
|a New York :
|b Houghton Mifflin Co.,
|c [1929]
|
| 264 |
|
4 |
|c [©1929]
|
| 300 |
|
|
|a x, 477 pages including illustrations, diagrams, forms. double frontispiece, plate
|
| 336 |
|
|
|a text
|b txt
|2 rdacontent
|
| 337 |
|
|
|a unmediated
|b n
|2 rdamedia
|
| 338 |
|
|
|a volume
|b nc
|2 rdacarrier
|
| 500 |
|
|
|a Published also under title: Your mind in action; applications of psychology.
|
| 650 |
|
0 |
|a Psychology, Applied.
|
| 650 |
|
0 |
|a Psychophysiology.
|
| 999 |
|
|
|a MARS
|
| 999 |
f |
f |
|s 9fa3470c-53d8-37b8-b3f2-0afcf2c9e3e1
|i ea32abef-4340-32ff-a35b-27676ce00f41
|t 0
|
| 952 |
f |
f |
|p ric
|a Texas A&M University
|b Rellis Campus
|c Joint Library Facility
|d Remote Storage
|t 0
|e BF636 .M6 1929a
|h Library of Congress classification
|i unmediated -- volume
|m A14801686872
|
| 998 |
f |
f |
|a BF636 .M6 1929a
|t 0
|l Remote Storage
|